000 00193nam a2200085Ia 4500
008 170620s9999 xx 000 0 und d
100 _aRakesh- Mohan
245 0 _aAasard ka ak Din
260 _bDelhi- Rajpal
260 _c2011
999 _c25602
_d25602